000 00951nam a2200241 a 4500
008
020 _a0878351698 (pbk.)
049 _aMAIN
090 _aQA76.63
100 1 _aSilver, Gerald A.
245 1 0 _aInstructor's manual to accompany Learning computer programming :
_bstructured logic, algorithms, and flowcharting /
_cGerald A. Silver and Myrna L. Silver.
260 _aBoston, Mass. :
_bBoyd & Fraser,
_cc1986.
300 _a1 v. (various pagings) ;
_c28 cm.
650 0 _aElectronic digital computers
_xProgramming.
700 _aSilver, Myrna L.
740 _aLearning computer programming: structured logic, algorithms and flowcharting :
_bInstructor's manual.
740 0 1 _aLearning computer programming: structured logic, algorithms, and flowcharting.
907 _a.b10045053
_b12-09-03
_c17-04-03
003
005 20230123133215.0
040 _cNUST
942 _cBOOKS
_kQA76.63
999 _c144585
_d144585